000
00286nam a2200097Ia 4500
008
220204s9999 xx 000 0 und d
082
_a
331:301.185(540)
_b
REP;1
245
0
_a
Report of the study group for tribal labour
260
_a
Delhi
_b
National Commission on labour
_c
1969
942
_c
BK
999
_c
22010
_d
22010